Measurement and evaluation in education and psychology / (Record no. 1944)

MARC details
000 -LEADER
fixed length control field 01055nam a2200301 a 4500
001 - CONTROL NUMBER
control field 1077130
003 - CONTROL NUMBER IDENTIFIER
control field OSt
005 - DATE AND TIME OF LATEST TRANSACTION
control field 20150601155959.0
008 - FIXED-LENGTH DATA ELEMENTS--GENERAL INFORMATION
fixed length control field 910508s1991 txua b 001 0 eng
010 ## - LIBRARY OF CONGRESS CONTROL NUMBER
LC control number 91150715
020 ## - INTERNATIONAL STANDARD BOOK NUMBER
International Standard Book Number 0030304075
Canceled/invalid ISBN 003304075
040 ## - CATALOGING SOURCE
Original cataloging agency DLC
Transcribing agency DLC
043 ## - GEOGRAPHIC AREA CODE
Geographic area code n-us---
050 00 - LIBRARY OF CONGRESS CALL NUMBER
Classification number LB3051
Item number .M4647 1991
082 00 - DEWEY DECIMAL CLASSIFICATION NUMBER
Classification number 370 MEH 1991
Edition number 20
100 1# - MAIN ENTRY--PERSONAL NAME
Personal name Mehrens, William A.
9 (RLIN) 5112
245 10 - TITLE STATEMENT
Title Measurement and evaluation in education and psychology /
Statement of responsibility, etc. William A. Mehrens, Irvin J. Lehmann.
250 ## - EDITION STATEMENT
Edition statement 4th ed.
260 ## - PUBLICATION, DISTRIBUTION, ETC. (IMPRINT)
Place of publication, distribution, etc. Fort Worth :
Name of publisher, distributor, etc. Holt, Rinehart and Winston,
Date of publication, distribution, etc. c1991.
300 ## - PHYSICAL DESCRIPTION
Extent xiv, 592 p. :
Other physical details ill. ;
Dimensions 25 cm.
504 ## - BIBLIOGRAPHY, ETC. NOTE
Bibliography, etc Includes bibliographical references (p. 533-573) and indexes.
650 #0 - SUBJECT ADDED ENTRY--TOPICAL TERM
Topical term or geographic name as entry element Educational tests and measurements
Geographic subdivision United States.
9 (RLIN) 5113
650 #0 - SUBJECT ADDED ENTRY--TOPICAL TERM
Topical term or geographic name as entry element Educational evaluation
Geographic subdivision United States.
9 (RLIN) 5114
700 1# - ADDED ENTRY--PERSONAL NAME
Personal name Lehmann, Irvin J.
9 (RLIN) 5115
906 ## - LOCAL DATA ELEMENT F, LDF (RLIN)
a 7
b cbc
c orignew
d 2
e ncip
f 19
g y-gencatlg
942 ## - ADDED ENTRY ELEMENTS (KOHA)
Source of classification or shelving scheme Other/Generic Classification Scheme
Koha item type Short Loan
Holdings
Withdrawn status Lost status Source of classification or shelving scheme Damaged status Not for loan Home library Current library Date acquired Source of acquisition Inventory number Total Checkouts Full call number Barcode Date last seen Price effective from Koha item type
    Other/Generic Classification Scheme     MUST Main Library MUST Main Library 01/06/2015   2002/17320   370 MEH 1991 2015-1690 01/06/2015 01/06/2015 Short Loan
    Other/Generic Classification Scheme     MUST Main Library MUST Main Library 01/06/2015   2001/15919   370 MEH 1991 2015-1691 01/06/2015 01/06/2015 Short Loan
    Dewey Decimal Classification     MUST Main Library MUST Main Library 24/01/2020 Purchase 2002/17319   370 MEH 1991 2020-0131 24/01/2020 24/01/2020 Open Shelf
    Dewey Decimal Classification     MUST Main Library MUST Main Library 30/01/2020 Purchase 2004/21094   370 MEH 1991 2020-0255 30/01/2020 30/01/2020 Open Shelf
    Dewey Decimal Classification     MUST Main Library MUST Main Library 30/01/2020 Purchase 2001/15920   370 MEH 1991 2020-0256 30/01/2020 30/01/2020 Open Shelf